Solid

Guardado en:
Detalles Bibliográficos
Autor principal: Kotoč, Juraj (Autor)
Otros Autores: Baláž, Martin (Orientador)
Formato: Manuscrito Libro
Lenguaje:eslovaco
Publicado: 2024
Materias:
Acceso en línea:http://is.stuba.sk/zp/portal_zp.pl?podrobnosti=178939
Etiquetas: Agregar Etiqueta
Sin Etiquetas, Sea el primero en etiquetar este registro!

MARC

LEADER 00000ntm a22000003a 4500
001 stuzp98665
003 SK-STU
005 20240608212356.3
007 ta
008 150427s2015----xo-----f-mn---000-0-slo-d
040 |a STU  |b slo 
041 0 |a slo 
100 1 |a Kotoč, Juraj  |u 059190  |4 aut  |U FAD Fakulta architektúry a dizajnu  |T FAD Ústav dizajnu  |X 99238  |U A9190  |Y 400  |7 99238 
242 0 1 |a Solid  |y eng 
245 1 0 |a Solid 
260 |c 2024 
650 4 |a intervencia  |2 slo 
650 4 |a dizajn  |2 slo 
650 4 |a priestor  |2 slo 
650 4 |a mesto  |2 slo 
650 4 |a space  |2 eng 
650 4 |a intervention  |2 eng 
650 4 |a design  |2 eng 
650 4 |a city  |2 eng 
700 1 |a Baláž, Martin  |u 059190  |k Z1  |4 ths  |U FAD Fakulta architektúry a dizajnu  |T FAD Ústav dizajnu  |X 53323  |U A9190  |Y 400  |7 A000053323 
856 4 |u http://is.stuba.sk/zp/portal_zp.pl?podrobnosti=178939